El rediseño del estado: una perspectiva internacional

Saved in:
Bibliographic Details
Main Author: Kliksberg, Bernardo (Author)
Format: Book
Language:Spanish
Published: Ciudad de México Instituto Nacional de Administración Pública de México 1994
Edition:1a. ed
Series:Administración Pública
Subjects:
Tags: Add Tag
No Tags, Be the first to tag this record!

MARC

LEADER 00000cam a2200000 a 4500
001 UCU0831
003 CL-VaPUC
008 960329e19940000MX |||||||||||||||||spa|d
020 |a 9681645960 
082 0 4 |a 320.1  |b KLI  |2 21 
100 |a Kliksberg, Bernardo  |e author  |9 497897 
245 1 3 |a El rediseño del estado: una perspectiva internacional 
250 |a 1a. ed 
300 |a 276 p 
942 |c BK 
945 |d 19960329 00:00:00  |a mcarcey 
260 |a Ciudad de México  |b Instituto Nacional de Administración Pública de México  |c 1994 
650 0 |a Estado  |9 255503 
650 0 |a Administración pública   |9 255343 
650 0 |a Democracia  |9 255256 
650 7 |a DESENTRALIZACION ADMINISTRATIVA  |2 CL-VaPUC  |9 356260 
650 0 |a Pobreza  |9 258652 
650 0 |a Cambio social   |9 256857 
583 |a last modification  |c 20160620 02:45:49  |k Rodrigo Vera 
490 0 |a Administración Pública 
999 |c 245619  |d 245617 
952 |0 0  |1 0  |4 0  |6 320_100000000000000_KLI_1994  |7 0  |8 A  |9 260184  |a BIBGIM  |b BIBGIM  |d 2019-11-19  |i 3186105  |o 320.1 KLI 1994  |p 3186105  |r 2025-01-15  |w 2019-11-19  |y BK  |k SSL 
952 |0 0  |1 0  |4 0  |6 320_100000000000000_KLI_1994  |7 0  |8 A  |9 260185  |a BIBGIM  |b BIBGIM  |d 2019-11-19  |i 3186113  |o 320.1 KLI 1994  |p 3186113  |r 2025-01-15  |w 2019-11-19  |y BK  |k SSL 
952 |0 0  |1 0  |3 erb  |4 0  |6 320_100000000000000_KLI_1994  |7 0  |8 A  |9 260186  |a FDOHBE  |b FDOHBE  |e Huesbe Llanos, Marco Antonio, 1934-  |i 5309735  |o 320.1 KLI 1994  |p 5309735  |r 2024-01-30  |w 2019-11-19  |y BK  |z Catalogado en:20160623  |k HBE